Villes des Aventuriers du Rail - Ibérie 🇪🇸🇵🇹 - Statistiques

Statistiques générales
  • Ce quiz a été pris 11 fois
  • Le résultat moyen est 20 sur 31
Statistiques - réponses
Pays/Régions Ville % Correct
Catalogne Barcelona
100%
Pays basque Bilbao
100%
Portugal Lisboa
100%
Madrid Madrid
100%
Andalousie Málaga
100%
Portugal Porto
100%
Andalousie Sevilla
100%
Valence Valencia
100%
Andalousie Cádiz
91%
Îles Baléares Palma de Mallorca
91%
Castille-et-León ​ Valladolid
91%
Aragon Zaragoza
91%
Portugal Coimbra
82%
Valence Alicante
73%
Andalousie Córdoba
73%
Murcie Murcia
73%
Galice A Coruña
64%
Castille-et-León ​ Burgos
64%
Andalousie Granada
64%
Navarre Pamplona
64%
Castille-et-León ​ Léon
55%
Cantabrie Santander
55%
Galice Vigo
55%
Andalousie Almería
36%
Castille-et-León ​ Salamanca
36%
Estrémadure Badajoz
27%
Castille-La Manche Ciudad Real
18%
Castille-La Manche Albacete
9%
Catalogne Lleida
9%
Portugal Portimão
9%
Castille-La Manche Cuenca
0%
Aucun quiz correspondant
Distribution des résultats
% des personnes avec chaque résultat
Percentile par nombre de réponses
Votre historique - résultats
Vous n’avez pas pris ce quiz